Statistiken für A-Z Die größten Städte Europas

Klicken Sie hier um das Quiz zu spielen!

Allgemein

  • Dieses Quiz wurde 474 mal gespielt
  • Das Durchschnittsergebnis liegt bei 18 aus 26

Antwortstatistiken

BuchstabeStadtLand% Korrekt
BBerlinDeutschland
100%
AAmsterdamNiederlande
99%
FFrankfurtDeutschland
97%
HHamburgDeutschland
96%
LLondonVereinigtes Königreich
96%
PParisFrankreich
96%
RRomItalien
96%
WWienÖsterreich
96%
IIstanbulTürkei
95%
MMoskauRussland
95%
KKiewUkraine
93%
ZZagrebKroatien
93%
EEssenDeutschland
92%
TTurinItalien
86%
VValenciaSpanien
78%
GGlasgowVereinigtes Königreich
71%
SSt. PetersburgRussland
71%
OOdessaUkraine
57%
YYorkVereinigtes Königreich
49%
CCharkiwUkraine
48%
NNischni NowgorodRussland
31%
DDniproUkraine
26%
UUfaRussland
25%
XXanthiGriechenland
12%
JJaroslawlRussland
10%
QQueluzPortugal
3%

Verteilung der Resultate

Perzentil nach korrekt beantworteten Fragen

Anzahl Personen mit jedem Resultat

Ihre Resultats-Entwicklung

Sie haben dieses Quiz noch nicht gespielt